Jak ven z bludiště - pořizujeme software pro řízení znalostí

Oblasť riadenia znalostí sa v posledných rokoch prudko rozvíjala. Softvér pre riadenie znalostí. Najväčšie riziká implementácie softvéru pre riadenie znalostí. Podnikateľský prípad. Znázornenie prínosu nasadenia aplikácie v oddelení kontrolingu.

Saved in:
Bibliographic Details
Main Author: Jeník, Aleš
Format: Book Chapter
Language:Czech
Subjects:
Tags: Add Tag
No Tags, Be the first to tag this record!

MARC

LEADER 00000naa a2200000 4500
001 0126437
005 20231113132722.3
041 0 |a cze 
044 |a CZ 
245 1 0 |a Jak ven z bludiště - pořizujeme software pro řízení znalostí  |c Aleš Jeník 
520 |a Oblasť riadenia znalostí sa v posledných rokoch prudko rozvíjala. Softvér pre riadenie znalostí. Najväčšie riziká implementácie softvéru pre riadenie znalostí. Podnikateľský prípad. Znázornenie prínosu nasadenia aplikácie v oddelení kontrolingu. 
610 2 0 |a podnik 
610 2 0 |a riadenie znalostí 
610 2 0 |a softvér 
100 1 |a Jeník, Aleš